| 000 | 01056nam0a22002771 4500 | ||
|---|---|---|---|
| 001 | rc\484603 | ||
| 005 | 20260406093711.0 | ||
| 035 | _a(NLR Aleph) 005727151 | ||
| 090 |
_a7540570 _c7540570 |
||
| 100 | _a20030616d1987 u y0rusy50 ca | ||
| 101 | 0 | _arus | |
| 102 | _aRU | ||
| 105 | _ay ||||||||| | ||
| 200 | 1 |
_aОчерки по историографии Кореи _e(К критике буржуаз.-националист. идей южнокорейс. историков) _fМГУ им. М.В. Ломоносова, Ин-т стран Азии и Африки |
|
| 210 |
_aМ. _cНаука _d1987 |
||
| 215 |
_a146, [2] с. _d22 |
||
| 300 | _aРез.: англ. | ||
| 320 | _aБиблиогр.: с. 127-133 (179 назв.) | ||
| 320 | _aУказ.: с. 134-145 | ||
| 700 | 1 |
_aПак _bМ. Н. _cд-р ист. наук, переводчик _f1918-2009 _gМихаил Николаевич _3RU\NLR\AUTH\770291921 |
|
| 801 | 0 |
_aRU _bNLR _gpsbo |
|
| 801 | 1 |
_aRU _bELAR _2rusmarc |
|
| 852 |
_aNLR _j87-5/5772 |
||
| 942 | _cBOOK | ||
| 980 | _aNB | ||